Are They Telling Us the Truth? (Record no. 11040)

MARC details
000 -LEADER
fixed length control field 00654nam a2200241 a 4500
001 - CONTROL NUMBER
control field 0001-1040
003 - CONTROL NUMBER IDENTIFIER
control field ELIB.Books
008 - FIXED-LENGTH DATA ELEMENTS--GENERAL INFORMATION
fixed length control field 141118 2010 eng
020 ## - INTERNATIONAL STANDARD BOOK NUMBER
International Standard Book Number 891883138
035 ## - SYSTEM CONTROL NUMBER
System control number (ELIB.Books)0001-1194
092 ## - LOCALLY ASSIGNED DEWEY CALL NUMBER (OCLC)
Classification number 322
Item number Kat
100 ## - MAIN ENTRY--PERSONAL NAME
Personal name Kato, Hiroshi.
245 ## - TITLE STATEMENT
Title Are They Telling Us the Truth?
Remainder of title Brutality Beyong Belief-
260 ## - PUBLICATION, DISTRIBUTION, ETC. (IMPRINT)
Place of publication, distribution, etc. Tokyo
Name of publisher, distributor, etc. Life Funds for North Korea Refugees
Date of publication, distribution, etc. 2003
300 ## - PHYSICAL DESCRIPTION
Extent 263
Dimensions 22.5 Cm
650 ## - SUBJECT ADDED ENTRY--TOPICAL TERM
Topical term or geographic name as entry element Social/ Human Rights
710 ## - ADDED ENTRY--CORPORATE NAME
Corporate name or jurisdiction name as entry element Kim, Sang Hun.
856 ## - ELECTRONIC LOCATION AND ACCESS
Name of location of host KBTS; Library
Uniform Resource Identifier <a href="KBTS; Elib.">KBTS; Elib.</a>
942 ## - ADDED ENTRY ELEMENTS (KOHA)
Source of classification or shelving scheme Dewey Decimal Classification
Koha item type Books
990 ## - EQUIVALENCES OR CROSS-REFERENCES [LOCAL, CANADA]
Link information for 9XX fields 1
998 ## - LOCAL CONTROL INFORMATION (RLIN)
Cataloger's initials, CIN (RLIN) bat
-- 2014-11-18
Holdings
Withdrawn status Lost status Source of classification or shelving scheme Damaged status Not for loan Home library Current library Date acquired Total Checkouts Barcode Date last seen Bill Date Koha item type
    Dewey Decimal Classification     Karen Baptist Theological Seminary Library Karen Baptist Theological Seminary Library 18/11/2014   14710 22/01/2022 22/01/2022 Books
Implemented & Customized by: BestBookBuddies

Powered by Koha